LEADER 01723nam a2200397 a 4500 001 000000129760 003 CaOOAMICUS 005 20120720115958.0 008 120720s2012 it u000 u ita r 020 $a978-88-7105-308-0 040 $aPUL$bita 041 1 $aita$alat$hlat 082 04$a223.9 100 0 $aGregorius PP.$bI,$cMagnus, s.,$dc. 540-604.$0(OLS)http://pul/name/1072 240 10$aExpositio super Cantica canticorum.$lItaliano e latino.$0(OLS)http://pul/title/164017 245 10$aCommento al Cantico dei Cantici /$cGregorio Magno ; introduzione, traduzione e note a cura di Antonio Montanari. 260 $aMilano :$bGlossa,$cİ2012. 300 $aLXX, 87 p. ;$c20 cm. 490 1 $aSapientia ;$v56 504 $aBibliografia p. LVII-LXV. 546 $aTesto latino a fronte. 630 04$aBiblia.$pV.T.$pCanticum canticorum$xCommenti.$0(OLS)http://pul/subject/6701 700 1 $aMontanari, Antonio.$0(OLS)http://pul/name/83077 830 0$aSapientia (Glossa) ;$v56.$0(OLS)http://pul/title/65981 850 $aPUL 852 $aPUL$W1$xSL Religione 3$y85$m223. 9 GREMA 1$j150216$qDDC 21$B148784$CPULBib$Z2$F148784 $H120573 $82 900 $aGregorio$bI,$cpapa,$dc. 540-604$91072 900 $aGregorius Magnus PP.$bI,$cs.,$dc. 540-604$91072 910 $aPapi (590-604 : Gregorius PP. I)$91072 910 $aPapi (590-604 : Gregorius PP. I)$91072 941 1 $a9 996 $6020$a978-88-7105-308-0$9(OLS)http://pul/number/150348 996 $6082$a223.9$9(OLS)http://pul/classification/440 996 $6245$aCommento al Cantico dei Cantici$9(OLS)http://pul/title/132558 996 $6260$aMilano :$bGlossa$9(OLS)http://pul/publisher/53656 LEADER 01639nam a2200373 a 4500 001 000000173209 003 CaOOAMICUS 005 20200213110452.0 008 200213s2018 it o u000 u ita r 020 $a978-88-6952-078-5* 032 $aLibriCat 040 $aPUL$bita 041 0 $aita$afre$aeng 082 04$a340.5 245 00$aDiocleziano : $bla frontiera giuridica dell'impero /$ca cura di Werner Eck, Salvatore Puliatti. 260 $aPavia :$bIUSS,$cİ2018. 300 $aVIII, 648 p. :$bfotogr.;$c25 cm 500 $aPubblicazioni del CEDANT, n. 16. 504 $aBibliografia in nota. 546 $aTesti in italiano, francese e inglese. 600 14$aDiocletianus, Valerius,$cimperatore romano,$d245-313.$0(OLS)http://pul/subject/10429 650 4$aImperatori romani.$0(OLS)http://pul/subject/8410 700 1 $aEck, Werner.$0(OLS)http://pul/name/14311 700 1 $aPuliatti, Salvatore.$0(OLS)http://pul/name/1748 710 2 $aCentro di Studi e ricerche sui diritti antichi (CEDANT).$0(OLS)http://pul/name/89517 850 $aPUL 852 $aPUL$W1$xSL Diritto e Scienze Sociali 3$y79$m340. 5 COLL 2.16$j197186$qDDC 21$B201974$CPULBib$Z2$F201974 $H133994 $82 910 $aCEDANT - Centro di Studi e ricerche sui diritti antichi $989517 941 1 $a9 996 $6020$a978-88-6952-078-5*$9(OLS)http://pul/number/167199 996 $6082$a340.5$9(OLS)http://pul/classification/1655 996 $6245$aDiocleziano : $bla frontiera giuridica dell'impero$9(OLS)http://pul/title/214311 996 $6260$aPavia :$bIUSS$9(OLS)http://pul/publisher/82209